Teams With the Most Goals in the UEFA Europa League - Statistics

General Stats
  • This quiz has been taken 62 times
  • The average score is 13 of 25
Answer Stats
# Goals Answer % Correct
8 246 Sevilla
93%
3 281 Inter Milan
88%
19 202 Liverpool
73%
2 285 Tottenham Hotspur
73%
9 234 Juventus
71%
3 281 AS Roma
70%
5 258 Ajax Amsterdam
68%
10 225 Benfica
68%
16 218 Lazio
64%
15 219 Valencia
64%
7 247 Bayer Leverkusen
63%
6 255 PSV Eindhoven
61%
14 221 Feyenoord
59%
17 217 Villarreal
52%
25 189 Athletic Bilbao
45%
10 225 Club Brugge
45%
1 305 Sporting Lisbon
39%
20 198 Eintracht Frankfurt
38%
13 223 RSC Anderlecht
38%
18 215 Borussia Mönchengladbach
36%
22 193 Hamburger SV
36%
23 192 Werder Bremen
32%
12 224 VfB Stuttgart
27%
24 191 FC Köln
18%
21 196 AZ Alkmaar
13%
No matching quizzes found
Score Distribution
Percent of People with Each Score
Percentile by Number Answered
Your Score History
You have not taken this quiz